| 000 | 00427nam a2200181Ia 4500 | ||
|---|---|---|---|
| 003 | GCL | ||
| 008 | 140319s9999 xx 000 0 eng d | ||
| 040 |
_aGCL / _cGCL |
||
| 082 | 0 | 4 |
_aCH _b607 _bH A |
| 100 | 1 | _aKAWAUCHI, Y. | |
| 245 | 1 | 0 |
_aOUR TEETH / _cKAWAUCHI, Y. |
| 700 | 1 | _aHAYAKWA, H. | |
| 260 |
_a[S.N] : _bFROEBEL- KAN CO |
||
| 650 | 0 | 4 | _aCHILDREN |
| 650 | 0 | 4 | _aHEALTH |
| 650 | 0 | 4 | _aCHILDREN - CARE |
| 942 |
_2ddc _cBK |
||
| 999 |
_c18140 _d18140 |
||